000 00651nam a2200229 i 4500
001 C2-0097068
003 PPAK
005 20180727093850.0
008 970515s1991 si a|||| ||||| | may d
020 _a9810031076
040 _aPPAK
_beng
_cPPAK
_erda
082 0 4 _a306.08992
_223
090 0 0 _a306.08992
_bDIN
_dKIH
245 0 0 _aDinamika Budaya
264 1 _aSingapura :
_bMajlis Pusat Pertubuhan-pertubuhan Budaya Melayu Singapura ,
_c1991
300 _a446 pages :
_billustrations ;
_c23 cm
336 _2rdacontent
_atext
337 _2rdamedia
_aunmediated
338 _2rdacarrier
_avolume
650 1 0 _aCulture - Malays
942 _ddc
_cB
999 _c21118
_d21118